Establishment of a Squid Sisig Stall in Binangonan Rizal (Record no. 67906)

MARC details
000 -LEADER
fixed length control field 00852nam a22002297a 4500
003 - CONTROL NUMBER IDENTIFIER
control field URS
005 - DATE AND TIME OF LATEST TRANSACTION
control field 20230125125935.0
008 - FIXED-LENGTH DATA ELEMENTS--GENERAL INFORMATION
fixed length control field 230125b |||||||| |||| 00| 0 eng d
100 ## - MAIN ENTRY--PERSONAL NAME
9 (RLIN) 3488
Personal name CoroƱa Rose Angie E.
Relator term Author
245 ## - TITLE STATEMENT
Title <a href="Establishment of a Squid Sisig Stall in Binangonan Rizal">Establishment of a Squid Sisig Stall in Binangonan Rizal</a>
Statement of responsibility, etc Rose Angie E. CoroƱa, Zenith N. Delos, Santos,Jovy, Marie A. Gomez
260 ## - PUBLICATION, DISTRIBUTION, ETC. (IMPRINT)
Date of publication, distribution, etc 2022
300 ## - PHYSICAL DESCRIPTION
Extent xvi, 120 leaves
Dimensions 28 cm
336 ## - CONTENT TYPE
Source rdacontent
Content type term text
337 ## - MEDIA TYPE
Source rdamedia
Media type term unmediated
338 ## - CARRIER TYPE
Source rdacarrier
Carrier type term volume
502 ## - DISSERTATION NOTE
Dissertation note Thesis
Degree type Bachelor of Science in Business Administration
Name of granting institution University of Rizal System
Year degree granted 2022
504 ## - BIBLIOGRAPHY, ETC. NOTE
Bibliography, etc includes bibliographical references
700 ## - ADDED ENTRY--PERSONAL NAME
9 (RLIN) 3490
Personal name Santos Zenith N.
Relator term Author
700 ## - ADDED ENTRY--PERSONAL NAME
9 (RLIN) 3491
Personal name Gomez Jovy Marie A.
Relator term Author
700 ## - ADDED ENTRY--PERSONAL NAME
9 (RLIN) 3492
Personal name Genuis R. San Pablo, MAT
Relator term Adviser
942 ## - ADDED ENTRY ELEMENTS (KOHA)
Source of classification or shelving scheme Library of Congress Classification
Koha item type Theses and dissertations
Holdings
Withdrawn status Source of classification or shelving scheme Damaged status Not for loan Home library Current library Shelving location Date acquired Total Checkouts Barcode Date last seen Price effective from Koha item type
  Library of Congress Classification     Binangonan College Library Binangonan College Library Undergraduate Theses 01/25/2023   URSBIN-UGT2632 01/25/2023 01/25/2023 Theses and dissertations
  Library of Congress Classification     Binangonan College Library Binangonan College Library Undergraduate Theses 01/25/2023   URSBIN-GST2632 01/25/2023 01/25/2023 Theses and dissertations

University of Rizal System
Email us at univlibservices@urs.edu.ph

Visit our Website www.urs.edu.ph/library